000
00579nam a22001577a 4500
020
_a
9788120349865
082
_a
337
100
_a
Kennedy,M.Maria John
245
_a
International Economics
250
_a
Eastern economy edition
260
_a
Delhi
_b
PHI learning
_c
2014
300
_a
323
942
_c
BK
999
_c
2514
_d
2514